[Event "Moscow op-D (Women)"]
[Site "Moscow"]
[Date "2011.02.06"]
[Round "9"]
[White "Repina, Varvara"]
[Black "Nikitina, Elena"]
[Result "1-0"]
[WhiteElo "2280"]
[BlackElo "2029"]
[PlyCount "47"]
[EventDate "2011.01.29"]
[EventType "swiss"]
[EventRounds "9"]
[EventCountry "RUS"]
[SourceTitle "EXT 2012"]
[Source "ChessBase"]
[SourceDate "2011.11.24"]
[SourceVersion "1"]
[SourceVersionDate "2011.11.24"]
[SourceQuality "1"]

1. e4 d5 2. exd5 Qxd5 3. Nf3 Bg4 4. Be2 Nc6 5. d4 0-0-0 6. Be3 Nf6 7. h3 Bxf3 8. Bxf3 Qd6 9. c3 e5 10. Qb3 Nd5 11. 0-0 Nxe3 12. fxe3 exd4 13. cxd4 f6 14. Nc3 a6 15. Rac1 Na5 16. Qa4 Qb4 17. Qc2 Kb8 18. Nd5 Qd6 19. Nxc7 Be7 20. b4 Rc8 21. bxa5 Rxc7 22. Qe4 Rhc8 23. Rc4 Qd7 24. Bg4 1-0

[Event "Moscow op-D (Women)"]
[Site "Moscow"]
[Date "2011.02.05"]
[Round "8"]
[White "Repina, Varvara"]
[Black "Smirnova, Anastasia"]
[Result "1-0"]
[WhiteElo "2280"]
[BlackElo "2021"]
[PlyCount "79"]
[EventDate "2011.01.29"]
[EventType "swiss"]
[EventRounds "9"]
[EventCountry "RUS"]
[SourceTitle "EXT 2012"]
[Source "ChessBase"]
[SourceDate "2011.11.24"]
[SourceVersion "1"]
[SourceVersionDate "2011.11.24"]
[SourceQuality "1"]

1. e4 e5 2. Nf3 Nc6 3. Bb5 Nf6 4. 0-0 d6 5. Re1 Be7 6. c3 0-0 7. h3 Bd7 8. a4 h6 9. d4 Nh7 10. Be3 Ng5 11. Nbd2 Re8 12. Qc2 Bf6 13. d5 Ne7 14. Bxd7 Qxd7 15. Nh2 Ng6 16. Ndf1 Nh4 17. Ng4 Kh8 18. Ng3 Be7 19. a5 Rf8 20. a6 b6 21. Nf5 Nhf3+ 22. gxf3 Nxf3+ 23. Kg2 Nxe1+ 24. Rxe1 h5 25. Nh2 g6 26. Nxe7 Qxe7 27. f4 f5 28. Nf3 h4 29. fxe5 dxe5 30. Nxe5 Kh7 31. Nf3 fxe4 32. Ng5+ Kg8 33. Qb3 Qd6 34. Nxe4 Qe5 35. d6+ Rf7 36. Bd4 Qf4 37. Qe6 Kf8 38. dxc7 Qf3+ 39. Kg1 Rxc7 40. Rf1 1-0

[Event "Moscow op-D (Women)"]
[Site "Moscow"]
[Date "2011.01.30"]
[Round "2"]
[White "Repina, Varvara"]
[Black "Chukhlantseva, Anna"]
[Result "1-0"]
[WhiteElo "2280"]
[BlackElo "1942"]
[PlyCount "47"]
[EventDate "2011.01.29"]
[EventType "swiss"]
[EventRounds "9"]
[EventCountry "RUS"]
[SourceTitle "EXT 2012"]
[Source "ChessBase"]
[SourceDate "2011.11.24"]
[SourceVersion "1"]
[SourceVersionDate "2011.11.24"]
[SourceQuality "1"]

1. d4 d5 2. c4 dxc4 3. Nf3 Nf6 4. Nc3 e6 5. e4 c5 6. d5 Be7 7. d6 Bf8 8. e5 Nfd7 9. Bxc4 Nc6 10. Nb5 Ndxe5 11. Nc7+ Kd7 12. Nxe5+ Nxe5 13. Nxa8 Bxd6 14. Bf4 Ke7 15. Bxe5 Bxe5 16. Qh5 Qa5+ 17. Ke2 Bxb2 18. Rab1 Bf6 19. Rb5 Qa3 20. Qxc5+ Qxc5 21. Rxc5 Bd7 22. Rc7 Be5 23. Rxb7 Rxa8 24. Rd1 1-0

[Event "Moscow op"]
[Site "Moscow"]
[Date "2011.01.10"]
[Round "7"]
[White "Shmatkov, Mikhail"]
[Black "Repina, Varvara"]
[Result "0-1"]
[WhiteElo "2142"]
[BlackElo "2278"]
[PlyCount "58"]
[EventDate "2011.01.03"]
[EventType "swiss"]
[EventRounds "9"]
[EventCountry "RUS"]
[SourceTitle "CBM 140 Extra"]
[Source "ChessBase"]
[SourceDate "2011.03.01"]
[SourceVersion "1"]
[SourceVersionDate "2011.03.01"]
[SourceQuality "1"]

1. e4 c5 2. Nf3 d6 3. d4 Nf6 4. Nc3 cxd4 5. Nxd4 a6 6. Bc4 e6 7. Bb3 Nbd7 8. Bg5 Qa5 9. Qd2 Be7 10. 0-0-0 0-0 11. Kb1 Qc7 12. g4 Nc5 13. f3 b5 14. h4 b4 15. Nce2 a5 16. Nb5 Qc6 17. Nxd6 Bxd6 18. Qxd6 Qxd6 19. Rxd6 Ba6 20. Nf4 a4 21. e5 axb3 22. exf6 bxc2+ 23. Kc1 Rfc8 24. fxg7 Bb5 25. Kd2 Rxa2 26. Nh5 Rxb2 27. Ke3 e5 28. Bh6 c1Q+ 29. Rxc1 Re2# 0-1

[Event "Moscow op"]
[Site "Moscow"]
[Date "2011.01.09"]
[Round "6"]
[White "Repina, Varvara"]
[Black "Spichkin, Alexander"]
[Result "1-0"]
[WhiteElo "2278"]
[BlackElo "2190"]
[PlyCount "93"]
[EventDate "2011.01.03"]
[EventType "swiss"]
[EventRounds "9"]
[EventCountry "RUS"]
[SourceTitle "CBM 140 Extra"]
[Source "ChessBase"]
[SourceDate "2011.03.01"]
[SourceVersion "1"]
[SourceVersionDate "2011.03.01"]
[SourceQuality "1"]

1. Nf3 f5 2. c4 Nf6 3. d3 Nc6 4. Nc3 e5 5. g3 Bc5 6. Bg2 0-0 7. 0-0 Qe8 8. a3 a5 9. Bg5 Qh5 10. Bxf6 Rxf6 11. Nd5 Rh6 12. Nxc7 Rb8 13. h3 d6 14. Qd2 Rg6 15. Kh2 f4 16. Nd5 Bxf2 17. g4 Bg3+ 18. Kg1 Qh6 19. b4 Be6 20. Nc7 Bf7 21. bxa5 Rc8 22. Nd5 Re8 23. Rab1 e4 24. dxe4 Rxe4 25. Rxb7 Rge6 26. Nc3 Rxc4 27. a6 Qf6 28. Nd5 Qd8 29. a7 Ra4 30. Qc2 Rxa7 31. Qxc6 Rxb7 32. Qxb7 Rxe2 33. Rc1 Qa5 34. Ne7+ Kf8 35. Nf5 Re8 36. Nxd6 Bd5 37. Rc8 Qa4 38. Qxd5 Qa7+ 39. Qd4 Qxd4+ 40. Nxd4 Rxc8 41. Nxc8 Be1 42. Ne6+ Kf7 43. Nxf4 Kf6 44. Kf1 Bd2 45. Nd5+ Ke5 46. Ke2 Bg5 47. Kd3 1-0

[Event "Moscow op"]
[Site "Moscow"]
[Date "2011.01.04"]
[Round "2"]
[White "Repina, Varvara"]
[Black "Tchernyi, Viktor"]
[Result "1/2-1/2"]
[WhiteElo "2278"]
[BlackElo "2118"]
[PlyCount "102"]
[EventDate "2011.01.03"]
[EventType "swiss"]
[EventRounds "9"]
[EventCountry "RUS"]
[SourceTitle "CBM 140 Extra"]
[Source "ChessBase"]
[SourceDate "2011.03.01"]
[SourceVersion "1"]
[SourceVersionDate "2011.03.01"]
[SourceQuality "1"]

1. d4 e6 2. Nf3 f5 3. g3 Nf6 4. Bg2 Be7 5. c4 0-0 6. Nc3 d6 7. 0-0 Qe8 8. Bg5 Ne4 9. Bxe7 Nxc3 10. bxc3 Qxe7 11. Re1 c6 12. e4 f4 13. e5 d5 14. Rb1 b6 15. h4 Ba6 16. Ng5 h6 17. Nh3 fxg3 18. fxg3 Bxc4 19. Nf4 Rxf4 20. gxf4 Nd7 21. Bh3 Rf8 22. Qg4 Rf7 23. Qxe6 Qxh4 24. Qg4 Qxg4+ 25. Bxg4 Nf8 26. f5 Bd3 27. Rb2 Rxf5 28. e6 Nxe6 29. Rxe6 Rg5 30. Rg2 Be4 31. Rg3 Bf5 32. Re8+ Kf7 33. Re5 g6 34. Kf2 Rxg4 35. Rxg4 Bxg4 36. Kg3 Bf5 37. Re2 g5 38. Re5 Be6 39. Re1 h5 40. Rf1+ Kg7 41. a4 h4+ 42. Kf3 Kg6 43. Rf2 Bf5 44. a5 Be4+ 45. Kg4 bxa5 46. Ra2 Bf5+ 47. Kf3 Be4+ 48. Kg4 Bf5+ 49. Kf3 Be4+ 50. Kg4 Bf5+ 51. Kf3 Kh5 1/2-1/2

[Event "RUS-chT U20"]
[Site "Rybinsk"]
[Date "2010.08.09"]
[Round "8"]
[White "Repina, Varvara"]
[Black "Bazeev, German"]
[Result "1-0"]
[WhiteElo "2298"]
[BlackElo "2342"]
[PlyCount "69"]
[EventDate "2010.08.02"]
[EventType "team-swiss"]
[EventRounds "9"]
[EventCountry "RUS"]
[SourceTitle "EXT 2011"]
[Source "ChessBase"]
[SourceDate "2010.11.26"]
[SourceVersion "1"]
[SourceVersionDate "2010.11.26"]
[SourceQuality "1"]

1. e4 c5 2. Nf3 d6 3. d4 cxd4 4. Nxd4 Nf6 5. Nc3 Nc6 6. Be2 e5 7. Nf3 h6 8. 0-0 Be7 9. h3 0-0 10. Re1 Be6 11. Bf1 Qd7 12. b3 Bd8 13. Nd5 Bxd5 14. exd5 Ne7 15. c4 Bb6 16. Bb2 Ng6 17. Rc1 Rfe8 18. b4 e4 19. Nd4 Re5 20. c5 dxc5 21. bxc5 Ba5 22. c6 bxc6 23. dxc6 Qc8 24. Re3 Rg5 25. Nb5 Nd5 26. Rxe4 Ngf4 27. Qf3 a6 28. Nd6 Nxh3+ 29. Kh1 Qc7 30. Ba3 Rd8 31. gxh3 Nf6 32. Rec4 Bb6 33. Ne4 Nxe4 34. Rxe4 Re5 35. Bb2 1-0

[Event "Kostroma Volga Cup op"]
[Site "Kostroma"]
[Date "2010.07.??"]
[Round "7"]
[White "Lobanov, Sergey"]
[Black "Repina, Varvara"]
[Result "1/2-1/2"]
[WhiteElo "1821"]
[BlackElo "2298"]
[PlyCount "71"]
[EventDate "2010.07.??"]
[EventType "swiss"]
[EventRounds "9"]
[EventCountry "RUS"]
[SourceTitle "EXT 2011"]
[Source "ChessBase"]
[SourceDate "2010.11.26"]
[SourceVersion "1"]
[SourceVersionDate "2010.11.26"]
[SourceQuality "1"]

1. e4 c5 2. Nc3 d6 3. f4 g6 4. Nf3 Bg7 5. Bc4 Nf6 6. d3 0-0 7. 0-0 Nc6 8. a4 Bg4 9. h3 Bd7 10. Qe1 a6 11. Qh4 Nd4 12. Nxd4 cxd4 13. Ne2 b5 14. axb5 axb5 15. Rxa8 Qxa8 16. Bb3 b4 17. Bd2 Qa5 18. Kh1 Qc5 19. Qf2 Rb8 20. e5 Ne8 21. Qxd4 Qxd4 22. Nxd4 e6 23. Nf3 Bc6 24. d4 Nc7 25. Ra1 Bf8 26. Kg1 Nb5 27. Bxb4 Bxf3 28. gxf3 dxe5 29. Bxf8 Kxf8 30. dxe5 Nd4 31. Ra3 Ne2+ 32. Kf2 Nxf4 33. Kg3 Nh5+ 34. Kf2 Rb5 35. c4 Rxe5 36. Bd1 1/2-1/2

[Event "Kostroma Volga Cup op"]
[Site "Kostroma"]
[Date "2010.07.??"]
[Round "6"]
[White "Maligin, Artem"]
[Black "Repina, Varvara"]
[Result "1-0"]
[WhiteElo "1992"]
[BlackElo "2298"]
[PlyCount "91"]
[EventDate "2010.07.??"]
[EventType "swiss"]
[EventRounds "9"]
[EventCountry "RUS"]
[SourceTitle "EXT 2011"]
[Source "ChessBase"]
[SourceDate "2010.11.26"]
[SourceVersion "1"]
[SourceVersionDate "2010.11.26"]
[SourceQuality "1"]

1. d4 d5 2. c4 e6 3. Nc3 Be7 4. Nf3 Nf6 5. Bg5 0-0 6. e3 Nbd7 7. Rc1 a6 8. cxd5 exd5 9. Bd3 c6 10. 0-0 Ne8 11. Bxe7 Qxe7 12. Qc2 Ndf6 13. Rfe1 Nd6 14. Ne5 g6 15. f3 Nh5 16. Bf1 Re8 17. Qf2 Qg5 18. Kh1 f6 19. Nd3 Be6 20. b3 Rad8 21. e4 dxe4 22. fxe4 Nb5 23. Nxb5 axb5 24. Rc5 Qh6 25. d5 Bd7 26. Nb4 Nf4 27. dxc6 bxc6 28. Nxc6 Rc8 29. Bxb5 Bxc6 30. Rxc6 Qg5 31. Bc4+ Kg7 32. Rxc8 Rxc8 33. Rf1 Nh5 34. a4 Rd8 35. Qf3 Rd2 36. Rf2 Rxf2 37. Qxf2 Qc1+ 38. Qf1 Qe3 39. Qf3 Qc1+ 40. Bf1 Qc5 41. g3 Kf7 42. Kg2 Ng7 43. Qd3 Ne6 44. Qd7+ Qe7 45. Qxe7+ Kxe7 46. Bc4 1-0

[Event "Moscow-ch (Women)"]
[Site "Moscow"]
[Date "2010.05.28"]
[Round "8"]
[White "Repina, Varvara"]
[Black "Ambartsumova, Karina"]
[Result "1/2-1/2"]
[WhiteElo "2224"]
[BlackElo "2315"]
[PlyCount "105"]
[EventDate "2010.05.21"]
[EventType "swiss"]
[EventRounds "9"]
[EventCountry "RUS"]
[SourceTitle "CBM 136 Extra"]
[Source "ChessBase"]
[SourceDate "2010.07.02"]
[SourceVersion "2"]
[SourceVersionDate "2010.07.15"]
[SourceQuality "1"]

1. e4 e5 2. Nf3 Nc6 3. Nc3 Nf6 4. Bb5 Bd6 5. d3 a6 6. Bxc6 dxc6 7. h3 Nd7 8. Ne2 0-0 9. g4 c5 10. Ng3 Re8 11. Nf5 Nf8 12. Bg5 f6 13. Be3 b5 14. g5 Ng6 15. Rg1 Bxf5 16. exf5 Nf4 17. h4 fxg5 18. Nxg5 Qf6 19. Qg4 h5 20. Qf3 Qxf5 21. 0-0-0 c4 22. Kb1 cxd3 23. cxd3 Rad8 24. Bxf4 exf4 25. Qxh5 Be5 26. Qf3 Bf6 27. Ne4 Rd4 28. Rg4 Rexe4 29. dxe4 Rxe4 30. Ka1 Rb4 31. Qd5+ Qxd5 32. Rxd5 Rxb2 33. Rf5 Bc3 34. a3 Rb3+ 35. Ka2 Rb2+ 36. Ka1 Rxf2+ 37. Kb1 Rb2+ 38. Kc1 Ra2 39. h5 Kh7 40. Rfxf4 Rxa3 41. Kc2 Bf6 42. Rf1 c5 43. h6 Ra2+ 44. Kd3 Ra4 45. Rxa4 bxa4 46. hxg7 Kxg7 47. Kc4 a3 48. Kb3 Bb2 49. Rf4 a5 50. Rc4 Bd4 51. Kxa3 Kf6 52. Ka4 Ke5 53. Kxa5 1/2-1/2

[Event "Moscow-ch (Women)"]
[Site "Moscow"]
[Date "2010.05.24"]
[Round "4"]
[White "Repina, Varvara"]
[Black "Charochkina, Daria"]
[Result "0-1"]
[WhiteElo "2234"]
[BlackElo "2280"]
[PlyCount "128"]
[EventDate "2010.05.21"]
[EventType "swiss"]
[EventRounds "9"]
[EventCountry "RUS"]
[SourceTitle "CBM 136 Extra"]
[Source "ChessBase"]
[SourceDate "2010.07.02"]
[SourceVersion "2"]
[SourceVersionDate "2010.07.15"]
[SourceQuality "1"]

1. d4 Nf6 2. c4 g6 3. Nc3 d5 4. Qb3 dxc4 5. Qxc4 c6 6. Nf3 b5 7. Qd3 Bg7 8. Nd2 Ba6 9. b4 Nd5 10. Nxd5 Qxd5 11. Nb3 Bc8 12. e4 Qd6 13. Bd2 e5 14. dxe5 Qxe5 15. Rc1 Qe7 16. f4 Bf5 17. Nc5 Nd7 18. Qe3 Nxc5 19. exf5 Ne4 20. fxg6 hxg6 21. Bd3 Ng3 22. Rg1 Bd4 23. Qxe7+ Kxe7 24. Bc3 Bxg1 25. Bxh8 Rxh8 26. hxg3 Kd6 27. Ke2 Re8+ 28. Kf1 Bd4 29. Rd1 Rh8 30. Ke2 Kd5 31. g4 Re8+ 32. Kf1 g5 33. fxg5 Rg8 34. Bc2 Rxg5 35. Bb3+ Ke5 36. Bxf7 Rxg4 37. Bh5 Rh4 38. Bg6 Kd5 39. Bf7+ Ke5 40. Re1+ Kd6 41. Re6+ Kd7 42. g3 Rh7 43. Bg8 Rg7 44. Re4 Bc3 45. Be6+ Kd6 46. g4 Bxb4 47. Bf5 c5 48. Re6+ Kd5 49. Ra6 c4 50. a4 bxa4 51. Rxa4 a5 52. Ke2 Re7+ 53. Kf3 c3 54. Ra1 Kc4 55. Bc2 Rf7+ 56. Kg3 Bd6+ 57. Kg2 Bc5 58. Ra4+ Kb5 59. Ra2 Rf2+ 60. Kg3 Rxc2 61. Rxc2 Kb4 62. Kf4 Kb3 63. Rc1 c2 64. Rh1 Ba3 0-1

[Event "RUS-chT (Women) 11th"]
[Site "Dagomys"]
[Date "2010.04.05"]
[Round "5"]
[White "Repina, Varvara"]
[Black "Bodnaruk, Anastasia"]
[Result "0-1"]
[WhiteElo "2240"]
[BlackElo "2384"]
[PlyCount "83"]
[EventDate "2010.04.01"]
[EventType "team-tourn"]
[EventRounds "7"]
[EventCountry "RUS"]
[SourceTitle "CBM 135 Extra"]
[Source "ChessBase"]
[SourceDate "2010.05.04"]
[SourceVersion "1"]
[SourceVersionDate "2010.05.04"]
[SourceQuality "1"]

1. e4 c5 2. Nf3 d6 3. d4 Nf6 4. Nc3 cxd4 5. Nxd4 a6 6. Be2 e5 7. Nb3 Be7 8. 0-0 0-0 9. Kh1 b6 10. f4 Bb7 11. Bf3 Nbd7 12. Qe1 Rc8 13. f5 b5 14. a3 Nb6 15. g4 d5 16. g5 Nxe4 17. f6 gxf6 18. gxf6 Bxf6 19. Bh6 Re8 20. Nxe4 dxe4 21. Bxe4 Bxe4+ 22. Qxe4 Kh8 23. Rad1 Qe7 24. Rf3 Rg8 25. Qf5 Rc6 26. Na5 Re6 27. Rh3 Rg6 28. Qh5 Qe8 29. Rdd3 Qg8 30. Rdg3 Nd5 31. Rxg6 fxg6 32. Qg4 e4 33. c4 bxc4 34. Nxc4 Qe8 35. Rb3 Rc6 36. Na5 Rc7 37. Qd1 e3 38. Qxd5 e2 39. Bd2 e1Q+ 40. Bxe1 Qxe1+ 41. Kg2 Rc2+ 42. Kh3 0-1

[Event "RUS-chT (Women) 11th"]
[Site "Dagomys"]
[Date "2010.04.01"]
[Round "1"]
[White "Muzychuk, Mariya"]
[Black "Repina, Varvara"]
[Result "0-1"]
[WhiteElo "2444"]
[BlackElo "2240"]
[PlyCount "140"]
[EventDate "2010.04.01"]
[EventType "team-tourn"]
[EventRounds "7"]
[EventCountry "RUS"]
[SourceTitle "CBM 135 Extra"]
[Source "ChessBase"]
[SourceDate "2010.05.04"]
[SourceVersion "1"]
[SourceVersionDate "2010.05.04"]
[SourceQuality "1"]

1. e4 c5 2. Nf3 d6 3. Bb5+ Nc6 4. 0-0 Bd7 5. Re1 Nf6 6. c3 a6 7. Ba4 b5 8. Bc2 Bg4 9. d3 e6 10. Nbd2 Be7 11. h3 Bh5 12. Nf1 d5 13. Ng3 Bg6 14. Nh4 c4 15. Nxg6 hxg6 16. dxc4 dxc4 17. Qe2 Nd7 18. f4 g5 19. f5 Bc5+ 20. Be3 Nce5 21. fxe6 fxe6 22. Bxc5 Nxc5 23. Qe3 Ncd3 24. Bxd3 cxd3 25. Qc5 Qb8 26. Re3 Ra7 27. a4 bxa4 28. Rxa4 d2 29. Rd4 Rd7 30. Rxd7 Kxd7 31. Qd4+ Qd6 32. Qa4+ Kc8 33. Qd1 Nc4 34. Re2 Qxg3 35. b3 Ne5 36. Rxd2 Qe3+ 37. Kh1 Qxe4 38. Re2 Rxh3+ 39. Kg1 Re3 40. Rxe3 Qxe3+ 41. Kh1 g4 42. Qd6 g3 43. Qxe6+ Kd8 44. Qd5+ Ke7 45. Qb7+ Kf8 46. Qa8+ Kf7 47. Qd5+ Kf6 48. Qd6+ Kf5 49. Qf8+ Ke4 50. Qa8+ Kd3 51. Qxa6+ Kxc3 52. Qa1+ Kc2 53. Qa2+ Kd1 54. Qa1+ Qc1 55. Qxc1+ Kxc1 56. b4 Kc2 57. b5 Nd7 58. Kg1 Kd2 59. Kf1 Nb6 60. Kg1 Ke2 61. Kh1 Kd3 62. Kg1 Kc4 63. Kf1 Kd3 64. Ke1 Nd5 65. Kf1 Kd2 66. Kg1 Ke2 67. b6 Nxb6 68. Kh1 Nd5 69. Kg1 Nf4 70. Kh1 Nh3 0-1

[Event "Moscow-ch sf"]
[Site "Moscow"]
[Date "2010.03.09"]
[Round "3"]
[White "Repina, Varvara"]
[Black "Balashov, Yuri S"]
[Result "0-1"]
[WhiteElo "2224"]
[BlackElo "2381"]
[PlyCount "48"]
[EventDate "2010.03.06"]
[EventType "swiss"]
[EventRounds "9"]
[EventCountry "RUS"]
[SourceTitle "CBM 135 Extra"]
[Source "ChessBase"]
[SourceDate "2010.05.04"]
[SourceVersion "1"]
[SourceVersionDate "2010.05.04"]
[SourceQuality "1"]

1. d4 c5 2. d5 g6 3. c4 Bg7 4. e4 d6 5. Ne2 e5 6. Nbc3 a6 7. Ng3 h5 8. Bd3 Nd7 9. 0-0 h4 10. Nge2 Bh6 11. a3 Bxc1 12. Qxc1 Ngf6 13. b4 Nh5 14. f4 cxb4 15. axb4 Qb6+ 16. Kh1 Qxb4 17. f5 gxf5 18. Qg5 f4 19. Nb5 Qc5 20. Ng1 f6 21. Qg6+ Ke7 22. Nxd6 Qxd6 23. c5 Nxc5 24. Be2 f5 0-1

[Event "Wch U18 Girls"]
[Site "Kemer"]
[Date "2009.11.21"]
[Round "10"]
[White "Motycakova, Monika"]
[Black "Repina, Varvara"]
[Result "1-0"]
[WhiteElo "2038"]
[BlackElo "2258"]
[PlyCount "133"]
[EventDate "2009.11.12"]
[EventType "swiss"]
[EventRounds "11"]
[EventCountry "TUR"]
[SourceTitle "EXT 2010"]
[Source "ChessBase"]
[SourceDate "2010.11.25"]
[SourceVersion "1"]
[SourceVersionDate "2010.11.25"]
[SourceQuality "1"]

1. e4 e5 2. Nf3 Nc6 3. Bb5 g6 4. d4 exd4 5. Bg5 f6 6. Bh4 Bg7 7. Nxd4 Nge7 8. 0-0 0-0 9. Nc3 Kh8 10. Re1 a6 11. Bc4 Ne5 12. Bb3 b5 13. a4 c5 14. Nf3 Nxf3+ 15. Qxf3 c4 16. e5 Nc6 17. axb5 cxb3 18. bxc6 g5 19. c7 Qxc7 20. exf6 Bh6 21. Re7 Qc4 22. Qxa8 gxh4 23. cxb3 Qxb3 24. Qe4 Qg8 25. Re1 h3 26. f7 Qg7 27. Qe5 Bb7 28. Re8 Qxe5 29. R1xe5 Bxg2 30. Rh5 Bg7 31. Ne4 Bxe4 32. Rxe4 Rxf7 33. Re8+ Bf8 34. Rxh3 Kg7 35. Ra8 Rf6 36. Ra7 Rd6 37. Kg2 h6 38. Rc3 Kf7 39. Ra8 Bg7 40. Rf3+ Ke7 41. b3 Rb6 42. Rd3 Be5 43. Ra7 Bd6 44. h3 Rc6 45. Re3+ Kd8 46. Ra8+ Kc7 47. Rg8 Bf4 48. Re4 Bd2 49. Rg7 Bc3 50. Rf7 Bb2 51. Kf3 a5 52. Kg4 Rc5 53. Rf5 d5 54. Re6 Rc6 55. Rf7+ Kb6 56. Rfe7 Bc1 57. f4 d4 58. Rxc6+ Kxc6 59. Re1 Ba3 60. f5 Kb5 61. Rd1 Bc5 62. Kf4 Kb4 63. Rd3 Ka3 64. Ke4 Kb2 65. f6 Kc2 66. f7 Kb2 67. Kd5 1-0

[Event "Wch U18 Girls"]
[Site "Kemer"]
[Date "2009.11.16"]
[Round "6"]
[White "Brunello, Marina"]
[Black "Repina, Varvara"]
[Result "1-0"]
[WhiteElo "2158"]
[BlackElo "2258"]
[PlyCount "69"]
[EventDate "2009.11.12"]
[EventType "swiss"]
[EventRounds "11"]
[EventCountry "TUR"]
[SourceTitle "EXT 2010"]
[Source "ChessBase"]
[SourceDate "2010.11.25"]
[SourceVersion "1"]
[SourceVersionDate "2010.11.25"]
[SourceQuality "1"]

1. e4 e5 2. Nf3 Nc6 3. d4 exd4 4. Nxd4 Bc5 5. Be3 Qf6 6. c3 Qg6 7. Qe2 Nf6 8. Nxc6 Bxe3 9. Ne5 Bxf2+ 10. Qxf2 Qxe4+ 11. Qe2 0-0 12. Qxe4 Nxe4 13. Be2 Re8 14. Nf3 d5 15. 0-0 Bd7 16. Bd3 f5 17. Nbd2 c5 18. Rad1 Bc6 19. Rfe1 g6 20. Bc2 a5 21. a4 Kg7 22. Nf1 f4 23. N1d2 Kf6 24. c4 Nxd2 25. Nxd2 Re3 26. cxd5 Bxd5 27. Ne4+ Ke5 28. Nc3 Bc6 29. Rxe3+ fxe3 30. Rd3 Kf4 31. Ne2+ Kg4 32. Rxe3 Rd8 33. Nc3 b6 34. Be4 Bxe4 35. Rxe4+ 1-0

[Event "Wch U18 Girls"]
[Site "Kemer"]
[Date "2009.11.16"]
[Round "5"]
[White "Repina, Varvara"]
[Black "Ozturk Orenli, Kubra"]
[Result "0-1"]
[WhiteElo "2258"]
[BlackElo "2177"]
[PlyCount "84"]
[EventDate "2009.11.12"]
[EventType "swiss"]
[EventRounds "11"]
[EventCountry "TUR"]
[SourceTitle "EXT 2010"]
[Source "ChessBase"]
[SourceDate "2010.11.25"]
[SourceVersion "1"]
[SourceVersionDate "2010.11.25"]
[SourceQuality "1"]

1. d4 d5 2. c4 dxc4 3. Nf3 c5 4. d5 e6 5. Nc3 exd5 6. Nxd5 Ne7 7. e4 Nxd5 8. exd5 Bd6 9. Bxc4 0-0 10. 0-0 Bg4 11. Qd3 Bxf3 12. gxf3 Qh4 13. f4 Bxf4 14. Bxf4 Qxf4 15. Rac1 a6 16. a4 Nd7 17. Qg3 Qf6 18. Bd3 Rad8 19. a5 Rfe8 20. Rfe1 g6 21. h4 h5 22. Kg2 Qd4 23. Kh3 Kg7 24. d6 Ne5 25. Be4 Qxd6 26. Kg2 Nd3 27. Bxd3 Qxg3+ 28. fxg3 Rxe1 29. Rxe1 Rxd3 30. Re5 c4 31. Rc5 Rd2+ 32. Kf3 Rxb2 33. Rxc4 Rb5 34. Ra4 f6 35. Kf4 g5+ 36. hxg5 fxg5+ 37. Kf3 Kf6 38. Ke4 Rb3 39. Rd4 Ke6 40. Rd2 Rxg3 41. Rb2 Rg4+ 42. Kf3 Ra4 0-1

[Event "RSSU-18 op"]
[Site "Moscow"]
[Date "2009.10.30"]
[Round "9"]
[White "Repina, Varvara"]
[Black "Gvanceladze, Anna"]
[Result "1/2-1/2"]
[WhiteElo "2278"]
[BlackElo "2070"]
[PlyCount "153"]
[EventDate "2009.10.17"]
[EventType "swiss"]
[EventRounds "9"]
[EventCountry "RUS"]
[SourceTitle "EXT 2022"]
[Source "ChessBase"]
[SourceDate "2021.10.06"]
[SourceVersion "1"]
[SourceVersionDate "2021.10.06"]
[SourceQuality "1"]

1. d4 d5 2. c4 e6 3. Nc3 c5 4. cxd5 exd5 5. Nf3 Nc6 6. g3 Nf6 7. Bg2 Be7 8. 0-0 0-0 9. b3 Ne4 10. Bb2 Bf6 11. Na4 Re8 12. Rc1 b6 13. dxc5 Bxb2 14. Nxb2 bxc5 15. Nd3 Ba6 16. Re1 Qa5 17. a3 Qb6 18. e3 Rad8 19. Qc2 c4 20. Nf4 Na5 21. b4 Nc6 22. Red1 Nf6 23. Nd4 Ne5 24. Rb1 Bb7 25. h3 Ng6 26. Kh2 Ne4 27. a4 Kh8 28. Bxe4 Rxe4 29. Qc3 Nxf4 30. gxf4 Qf6 31. Rg1 Rg8 32. Rg5 h6 33. Rg3 Ree8 34. Rbg1 Bc8 35. b5 Bf5 36. Qa5 Ra8 37. Qc7 Be4 38. Nc6 c3 39. f3 Bh7 40. Ne5 Bf5 41. Qxc3 Rac8 42. Qd4 Rc2+ 43. R1g2 Rxg2+ 44. Rxg2 Qh4 45. Ng4 Bxg4 46. fxg4 Rc8 47. Qxd5 Qe1 48. Qd2 Qa1 49. a5 Rc1 50. Kg3 Rd1 51. Qc2 Rf1 52. Qe2 Re1 53. Qd2 Rd1 54. Qa2 Qc1 55. Qxf7 Qxe3+ 56. Kh2 Qe1 57. Qf8+ Kh7 58. Qf5+ Kh8 59. Qc8+ Kh7 60. Qc2+ Kg8 61. Qe2 Qh1+ 62. Kg3 Ra1 63. Qe3 Rb1 64. Rd2 Re1 65. Rd8+ Kh7 66. Qd3+ Re4 67. Kf2 Qh2+ 68. Kf3 Qh1+ 69. Kg3 Qe1+ 70. Kg2 g6 71. Rd7+ Kh8 72. Rd8+ Kh7 73. Rd7+ Kh8 74. Kf3 Qh1+ 75. Kg3 Qg1+ 76. Kf3 Qh1+ 77. Kg3 1/2-1/2

[Event "Moscow op 10"]
[Site "Moscow"]
[Date "2009.10.25"]
[Round "6"]
[White "Repina, Varvara"]
[Black "Rozhkov, Viacheslav"]
[Result "0-1"]
[WhiteElo "2264"]
[BlackElo "2233"]
[PlyCount "70"]
[EventDate "2009.10.17"]
[EventType "swiss"]
[EventRounds "9"]
[EventCountry "RUS"]
[SourceTitle "EXT 2010"]
[Source "ChessBase"]
[SourceDate "2010.11.25"]
[SourceVersion "1"]
[SourceVersionDate "2010.11.25"]
[SourceQuality "1"]

1. e4 c5 2. Nf3 d6 3. d4 cxd4 4. Nxd4 Nf6 5. f3 e5 6. Nb3 d5 7. Bb5+ Bd7 8. Bxd7+ Qxd7 9. Bg5 dxe4 10. Bxf6 Qxd1+ 11. Kxd1 gxf6 12. fxe4 Rg8 13. g3 Nc6 14. N1d2 Bh6 15. Rf1 Ke7 16. Nf3 Rg4 17. Nh4 Rd8+ 18. Ke2 Rxe4+ 19. Kf3 Rxh4 20. gxh4 f5 21. Rae1 b6 22. c3 e4+ 23. Kg2 Ke6 24. Re2 Ke5 25. Rfe1 Rg8+ 26. Kf1 Rg4 27. Nd2 Rf4+ 28. Kg2 Rg4+ 29. Kf1 Bxd2 30. Rxd2 f4 31. Rd7 f5 32. Rxh7 f3 33. h5 Kf4 34. h6 Rh4 35. Rc7 Rxh6 0-1

[Event "Moscow op 10"]
[Site "Moscow"]
[Date "2009.10.24"]
[Round "5"]
[White "Chudinovskih, Alexander N"]
[Black "Repina, Varvara"]
[Result "0-1"]
[WhiteElo "2375"]
[BlackElo "2264"]
[PlyCount "80"]
[EventDate "2009.10.17"]
[EventType "swiss"]
[EventRounds "9"]
[EventCountry "RUS"]
[SourceTitle "EXT 2010"]
[Source "ChessBase"]
[SourceDate "2010.11.25"]
[SourceVersion "1"]
[SourceVersionDate "2010.11.25"]
[SourceQuality "1"]

1. e4 e5 2. Nf3 Nc6 3. Bc4 Nf6 4. d4 d6 5. Ng5 d5 6. exd5 Nxd4 7. d6 cxd6 8. Bxf7+ Ke7 9. c3 Nf5 10. Bb3 d5 11. 0-0 e4 12. Re1 h6 13. Nf3 Qd6 14. Na3 Bd7 15. g3 g5 16. Nd4 Bg7 17. Nab5 Qc5 18. Nxf5+ Bxf5 19. Nd4 Bh3 20. Be3 Qc8 21. Rc1 b5 22. Nxb5 Bg4 23. Qd4 Qd7 24. Qc5+ Kf7 25. Qc7 Qxc7 26. Nxc7 Rad8 27. Bxa7 Rd7 28. Nb5 Bf3 29. Be3 Ng4 30. Bd4 h5 31. Bd1 h4 32. Bxf3 exf3 33. Rf1 Kg6 34. h3 hxg3 35. fxg3 Rxh3 36. Rxf3 Be5 37. Re1 Rdh7 38. Rfe3 Nxe3 39. Rxe3 Rh1+ 40. Kg2 g4 0-1